Acteurs français par images (click) - Statistiques

Statistiques générales
  • Ce quiz a été pris 5 086 fois
    3 861 depuis la dernière actualisation
  • Le résultat moyen est 22 sur 36
Statistiques - réponses
Hint Réponse % Correct
Louis de Funès
94%
Omar Sy
92%
Pierre Niney
89%
Jean Dujardin
84%
Alain Chabat
82%
Kad Merad
82%
Vincent Cassel
81%
Gérard Darmon
79%
Gérard Jugnot
78%
Christian Clavier
78%
François Civil
76%
Jean Reno
74%
Gilles Lellouche
74%
Guillaume Canet
72%
Jean-Paul Belmondo
72%
Jean-Paul Rouve
71%
Jean-Pascal Zadi
68%
Alain Delon
66%
Raphaël Quenard
60%
Tahar Rahim
59%
Laurent Lafitte
58%
François Cluzet
56%
Vincent Lacoste
52%
Daniel Auteuil
52%
Pierre Richard
51%
Alexandre Astier
49%
Fabrice Luchini
49%
Clovis Cornillac
47%
Vincent Lindon
43%
Michel Galabru
43%
Louis Garrel
42%
Albert Dupontel
41%
Édouard Baer
40%
Benoît Magimel
38%
Niels Arestrup
27%
Patrick Dewaere
25%
Aucun quiz correspondant
Distribution des résultats
% des personnes avec chaque résultat
Percentile par nombre de réponses
Votre historique - résultats
Vous n’avez pas pris ce quiz depuis la dernière actualisation